Teoría y problemas de fisicoquímica
Salvato in:
| Autore principale: | |
|---|---|
| Natura: | Libro |
| Lingua: | spagnolo |
| Pubblicazione: |
Ciudad de México
McGraw-Hill
1977
|
| Serie: | Compendios Schaum
|
| Soggetti: | |
| Tags: |
Aggiungi Tag
Nessun Tag, puoi essere il primo ad aggiungerne!!
|
MARC
| LEADER | 00000nam a2200000 a 4500 | ||
|---|---|---|---|
| 001 | UCT3843 | ||
| 003 | CL-VaPUC | ||
| 008 | 961031e19770000MX |||||||||||||||||spa|d | ||
| 082 | 0 | 4 | |a 539 |b MET |2 21 |
| 100 | |a Metz, Clyde R. |e autor |9 390373 | ||
| 245 | 1 | 0 | |a Teoría y problemas de fisicoquímica |
| 300 | |a 456 p | ||
| 942 | |c BK | ||
| 945 | |d 19961031 00:00:00 |a paguirre | ||
| 260 | |a Ciudad de México |b McGraw-Hill |c 1977 | ||
| 650 | 0 | |a Física |9 227844 | |
| 650 | 0 | |a Química |9 259896 | |
| 650 | 0 | |a Cinética |9 260943 | |
| 650 | 0 | |a Gases |9 260945 | |
| 650 | 0 | |a Estados de la Materia |9 347141 | |
| 650 | 0 | |a Termodinámica |9 259320 | |
| 650 | 0 | |a Entropía |9 262675 | |
| 650 | 7 | |a EQUILIBRIOS QUIMICOS |2 CL-VaPUC |9 336637 | |
| 650 | 0 | |a Átomos |9 259583 | |
| 583 | |a last modification |c 19961031 00:00:00 |k Rodrigo Vera | ||
| 490 | 0 | |a Compendios Schaum | |
| 999 | |c 253356 |d 253354 | ||
| 952 | |0 0 |1 0 |4 0 |6 539_000000000000000_MET_1977 |7 0 |8 A |9 274110 |a BIBCUR |b BIBCUR |d 2019-11-19 |i 1780239 |o 539 MET 1977 |p 1780239 |r 2025-04-22 |w 2019-11-19 |y BK |k QUI | ||
| 952 | |0 0 |1 0 |4 0 |6 539_000000000000000_MET_1977 |7 0 |8 A |9 274111 |a BIBCUR |b BIBCUR |d 2019-11-19 |i 1786334 |o 539 MET 1977 |p 1786334 |r 2025-04-22 |w 2019-11-19 |y BK |k QUI | ||
| 952 | |0 0 |1 0 |4 0 |6 539_000000000000000_MET_1977 |7 0 |8 A |9 274112 |a BIBCUR |b BIBCUR |d 2019-11-19 |i 3800547 |o 539 MET 1977 |p 3800547 |r 2025-04-22 |w 2019-11-19 |y BK |k FIS | ||